Arizona County Seats - Statistics

General Stats
  • This quiz has been taken 10 times
  • The average score is 8 of 15
Answer Stats
County County Seat % Correct
Maricopa Phoenix
100%
Yuma Yuma
100%
Coconino Flagstaff
90%
Pima Tucson
80%
Santa Cruz Nogales
70%
Yavapai Prescott
60%
Navajo Holbrook
50%
Mohave Kingman
50%
Cochise Bisbee
40%
Gila Globe
40%
Graham Safford
40%
Greenlee Clifton
30%
Pinal Florence
30%
La Paz Parker
30%
Apache St. Johns
30%
No matching quizzes found
Score Distribution
Percent of People with Each Score
Percentile by Number Answered
Your Score History
You have not taken this quiz